000 00757nam a2200265Ia 4500
003 OSt
005 20220925205217.0
006 a|||||r|||| 00| 0
007 ta
008 220923b |||||||| |||| 00| 0 eng d
037 _cGeneral Book
040 _aRTL
_cRTL
_beng
041 _2eng
_aeng
082 _aX:3L.3.N7, L2
100 _aGlyn Andrew
_9269921
245 0 _aBritish capitalism, workers and the profits squeez
260 _aHarmondsworth
_bPenguin Books
_c1972
300 _a286p
_ccm.
490 _aPenguin special
500 _aAppendixes P 225-71
650 _awages
_9229845
700 _a Sutcliffe Bob
_9153449
942 _hX:3L.3.N7, L2
_cGB
_2CC
999 _c551523
_d551523